000
00254nam a2200109Ia 4500
008
231212s1973 xx 000 0 und d
041
_a
eng
082
_a
621
100
_a
Akhmetor N.
245
_a
General and Inorganic
260
_a
Mascow
_b
Mir Pub
_c
1973
999
_c
958411
_d
958411